A study of the intervention measure undertaken by the government in the construction of the native courts in Sabah and its relation to the issue of time overrun /
Saved in:
| Main Author: | |
|---|---|
| Format: | Thesis Book |
| Language: | English |
| Published: |
2018.
|
| Subjects: | |
| Tags: |
Add Tag
No Tags, Be the first to tag this record!
|
| LEADER | 01163cam a2200301 i 4500 | ||
|---|---|---|---|
| 001 | u1102255 | ||
| 003 | SIRSI | ||
| 005 | 201812131035 | ||
| 008 | 181213s2018 my a t 000 0 eng | ||
| 040 | |a UMAB |e rda | ||
| 043 | |a a-my--- | ||
| 097 | |a TH435 |b UM 2018 Zams | ||
| 100 | 0 | |a Zamlee Sabanah., |e author | |
| 245 | 1 | 2 | |a A study of the intervention measure undertaken by the government in the construction of the native courts in Sabah and its relation to the issue of time overrun / |c Zamlee bin Sabanah. |
| 264 | 1 | |c 2018. | |
| 264 | 4 | |c 2018. | |
| 300 | |a xii, 97 leaves : |b illustrations ; |c 30cm. | ||
| 336 | |a text |2 rdacontent | ||
| 337 | |a unmediated |2 rdamedia | ||
| 338 | |a volume |2 rdacarrier | ||
| 502 | |b M.Sc (Project Mgmt.) |c Jabatan Ukur Bahan, Fakulti Alam Bina, Universiti Malaya, |d 2018. | ||
| 504 | |a Bibliography: leaves 89-92. | ||
| 650 | 0 | |a Construction contracts |z Malaysia. | |
| 650 | 0 | |a Construction industry |z Malaysia. | |
| 710 | 2 | |a Universiti Malaya. |b Jabatan Ukur Bahan, |e degree granting institution. | |
| 900 | |a HF | ||
| 596 | |a 11 | ||
| 999 | |a TH435 UM 2018 ZAMS |w LC |c 1 |i A517158205 |f 11/4/2019 |g 1 |l STACKS |m P11ALMBINA |r Y |s Y |t TESIS |u 10/4/2019 | ||
